Gaming Quiz

Random Gaming or Pokémon Quiz

Pokémon First Moves Learned (Gen. 1) Quiz Stats

 Plays Quiz Updated Feb 28, 2020

Support Sporcle.
Go Orange.
Score 0/300 Timer 12:00
3 Plays Today
Pokemon Moves % Correct
BulbasaurTackle
94.5%
SquirtleTackle
94.5%
Caterpie/Metapod/ButterfreeTackle
94.5%
RattataTackle
94.5%
Nidoran♀Tackle
94.5%
Nidoran♂Tackle
94.5%
VenonatTackle
94.5%
GeodudeTackle
94.5%
MagnemiteTackle
94.5%
ShellderTackle
94.5%
OnixTackle
94.5%
VoltorbTackle
94.5%
KoffingTackle
94.5%
StaryuTackle
94.5%
TaurosTackle
94.5%
Magikarp/GyaradosTackle
94.5%
EeveeTackle
94.5%
PorygonTackle
94.5%
CharmanderEmber
89.5%
VulpixEmber
89.5%
GrowlitheEmber
89.5%
PonytaEmber
89.5%
MagmarEmber
89.5%
CharmanderScratch
88.7%
SandshrewScratch
88.7%
Nidoran♀Scratch
88.7%
ParasScratch
88.7%
DiglettScratch
88.7%
MeowthScratch
88.7%
PsyduckScratch
88.7%
MankeyScratch
88.7%
KabutoScratch
88.7%
ZapdosThunder
86.3%
BulbasaurGrowl
86.2%
CharmanderGrowl
86.2%
SpearowGrowl
86.2%
PikachuGrowl
86.2%
Nidoran♀Growl
86.2%
ClefairyGrowl
86.2%
DiglettGrowl
86.2%
MeowthGrowl
86.2%
PonytaGrowl
86.2%
SlowpokeGrowl
86.2%
DoduoGrowl
86.2%
SeelGrowl
86.2%
CuboneGrowl
86.2%
LaprasGrowl
86.2%
BulbasaurVine Whip
85.8%
BellsproutVine Whip
85.8%
SquirtleWater Gun
85.1%
PoliwagWater Gun
85.1%
HorseaWater Gun
85.1%
StaryuWater Gun
85.1%
LaprasWater Gun
85.1%
OmanyteWater Gun
85.1%
StaryuHarden
82.1%
KabutoHarden
82.1%
SquirtleBubble
81.4%
PoliwagBubble
81.4%
KrabbyBubble
81.3%
HorseaBubble
81.3%
Weedle/Kakuna/BeedrillPoison Sting
79.8%
EkansPoison Sting
79.8%
SandshrewPoison Sting
79.8%
Nidoran♀Poison Sting
79.8%
Nidoran♂Poison Sting
79.8%
TentacoolPoison Sting
79.8%
EkansBite
79.2%
ZubatBite
79.2%
MeowthBite
79.2%
GrowlitheBite
79.2%
KangaskhanBite
79.2%
Magikarp/GyaradosBite
79.2%
AerodactylBite
79.2%
SpearowPeck
78.1%
Farfetch'dPeck
78.1%
DoduoPeck
78.1%
GoldeenPeck
78.1%
ArticunoPeck
78.1%
MoltresPeck
78.1%
SquirtleTail Whip
78%
RattataTail Whip
78%
VulpixTail Whip
78%
PsyduckTail Whip
78%
PonytaTail Whip
78%
RhyhornTail Whip
78%
ChanseyTail Whip
78%
KangaskhanTail Whip
78%
GoldeenTail Whip
78%
TaurosTail Whip
78%
EeveeTail Whip
78%
PikachuThundershock
76.7%
MagnemiteThundershock
76.7%
ElectabuzzThundershock
76.7%
ZapdosThundershock
76.7%
ClefairySing
76.1%
JigglypuffSing
76.1%
ChanseySing
76.1%
LaprasSing
76.1%
CharmanderLeer
74.9%
Pokemon Moves % Correct
SpearowLeer
74.9%
EkansLeer
74.9%
Nidoran♂Leer
74.9%
KrabbyLeer
74.9%
MankeyLeer
74.9%
GrowlitheLeer
74.9%
MachopLeer
74.9%
Farfetch'dLeer
74.9%
CuboneLeer
74.9%
HorseaLeer
74.9%
ScytherLeer
74.9%
ElectabuzzLeer
74.9%
MagmarLeer
74.9%
TaurosLeer
74.9%
OmanyteLeer
74.9%
MoltresLeer
74.9%
PidgeyGust
74.5%
Caterpie/Metapod/ButterfreeString Shot
74.5%
Weedle/Kakuna/BeedrillString Shot
74.5%
Caterpie/Metapod/ButterfreeConfusion
73.7%
PsyduckConfusion
73.7%
Abra/Kadabra/AlakazamConfusion
73.7%
SlowpokeConfusion
73.7%
DrowzeeConfusion
73.7%
Mr. MimeConfusion
73.7%
Caterpie/Metapod/ButterfreePoison Powder
73.2%
OddishPoison Powder
73.2%
VenonatPoison Powder
73.2%
BellsproutPoison Powder
73.2%
TangelaPoison Powder
73.2%
PidgeySand-Attack
73.2%
SandshrewSand-Attack
73.2%
DiglettSand-Attack
73.2%
Farfetch'dSand-Attack
73.2%
EeveeSand-Attack
73.2%
PidgeyQuick Attack
72.2%
RattataQuick Attack
72.2%
PikachuQuick Attack
72.2%
VulpixQuick Attack
72.2%
ScytherQuick Attack
72.2%
ElectabuzzQuick Attack
72.2%
EeveeQuick Attack
72.2%
OddishSleep Powder
71.7%
BulbasaurLeech Seed
70.8%
ExeggcuteLeech Seed
70.8%
Abra/Kadabra/AlakazamTeleport
69.2%
AerodactylWing Attack
68.5%
ArticunoIce Beam
68.4%
ClefairyPound
67.7%
JigglypuffPound
67.7%
GrimerPound
67.7%
DrowzeePound
67.7%
ChanseyPound
67.7%
JynxPound
67.7%
DiglettDig
67.6%
Magikarp/GyaradosSplash
67%
GastlyLick
66.9%
JynxLick
66.9%
GeodudeRock Throw
66.6%
OnixRock Throw
66.6%
OddishStun Spore
66.2%
ParasStun Spore
66.2%
EkansWrap
65.3%
BellsproutWrap
65.3%
TentacoolWrap
65.3%
LickitungWrap
65.3%
MankeyKarate Chop
63.7%
MachopKarate Chop
63.7%
ZubatLeech Life
62.8%
ParasLeech Life
62.8%
VenonatLeech Life
62.8%
SeelRest
62.7%
SnorlaxRest
62.7%
PikachuThunder Wave
61.1%
GastlyHypnosis
61.1%
PoliwagHypnosis
61.1%
DrowzeeHypnosis
61.1%
ExeggcuteHypnosis
61.1%
OddishAbsorb
60.9%
TangelaAbsorb
60.9%
KabutoAbsorb
60.9%
JigglypuffDefense Curl
58.6%
GeodudeDefense Curl
58.6%
SandshrewSlash
57.6%
KabutoSlash
57.6%
HitmonchanFire Punch
56.7%
MagmarFire Punch
56.7%
Abra/Kadabra/AlakazamPsybeam
56.6%
PorygonPsybeam
56.6%
MachopLow Kick
56.1%
ZubatSupersonic
56%
TentacoolSupersonic
56%
MagnemiteSupersonic
56%
ShellderSupersonic
56%
LickitungSupersonic
56%
GoldeenSupersonic
56%
AerodactylSupersonic
56%
HitmonchanIce Punch
55.5%
SnorlaxBody Slam
55.3%
Nidoran♂Horn Attack
54.2%
Pokemon Moves % Correct
RhyhornHorn Attack
54.2%
GoldeenHorn Attack
54.2%
OmanyteHorn Attack
54.2%
ShellderWithdraw
53.8%
OmanyteWithdraw
53.8%
MoltresFire Spin
53.7%
ZubatConfuse Ray
53.7%
GastlyConfuse Ray
53.7%
MagmarConfuse Ray
53.7%
HitmonleeDouble Kick
52.7%
ClefairyDoubleslap
51.4%
PoliwagDoubleslap
51.4%
ChanseyDoubleslap
51.4%
Mr. MimeDoubleslap
51.4%
JynxDoubleslap
51.4%
MeowthPay Day
50.4%
KoffingSludge
49.8%
GeodudeSelf Destruct
48.8%
VoltorbSelf Destruct
48.8%
Weedle/Kakuna/BeedrillFury Attack
48.5%
SpearowFury Attack
48.5%
Farfetch'dFury Attack
48.5%
DoduoFury Attack
48.5%
RhyhornFury Attack
48.5%
OnixScreech
48.1%
VoltorbScreech
48.1%
ElectabuzzScreech
48.1%
GrimerPoison Gas
47.5%
HitmonchanAgility
47.4%
AerodactylAgility
47.4%
ArticunoAgility
47.4%
ZapdosAgility
47.4%
MoltresAgility
47.4%
Magikarp/GyaradosDragon Rage
46.7%
OnixBind
46.2%
TangelaBind
46.2%
KoffingSmoke Screen
45.4%
HorseaSmoke Screen
45.4%
RattataHyper Fang
45.2%
ArticunoBlizzard
44.9%
PidgeyWhirlwind
44.5%
SlowpokeHeadbutt
44.5%
SeelHeadbutt
44.5%
SnorlaxHeadbutt
44.5%
PonytaStomp
44.3%
LickitungStomp
44.3%
RhyhornStomp
44.3%
TaurosStomp
44.3%
GastlyNight Shade
43.7%
VulpixRoar
43.1%
GrowlitheRoar
43.1%
SeelAurora Beam
43.1%
DoduoDrill Peck
42.7%
ZapdosDrill Peck
42.7%
KoffingSmog
42.4%
TentacoolAcid
42.2%
KrabbyVicegrip
41.4%
PinsirVicegrip
41.4%
ParasSpore
41.3%
CuboneBone Club
41%
HitmonleeJump Kick
40.2%
Mr. MimeBarrier
40.2%
TangelaConstrict
40.1%
Mr. MimeLight Screen
39.2%
Weedle/Kakuna/BeedrillFocus Energy
38.7%
MachopFocus Energy
38.7%
CuboneFocus Energy
38.7%
ScytherFocus Energy
38.7%
PinsirFocus Energy
38.7%
MagnemiteSonicboom
38.4%
VoltorbSonicboom
38.4%
BellsproutGrowth
38.2%
KangaskhanRage
38.1%
MankeyFury Swipes
37.9%
HitmonchanComet Punch
37.3%
KangaskhanComet Punch
37.3%
ScytherDouble Team
36.2%
GrimerMinimize
36.1%
SnorlaxAmnesia
36.1%
ExeggcuteReflect
36%
HitmonleeRolling Kick
35%
PorygonConversion
34.9%
JigglypuffDisable
34.1%
VenonatDisable
34.1%
PsyduckDisable
34.1%
Abra/Kadabra/AlakazamDisable
34.1%
SlowpokeDisable
34.1%
GrimerDisable
34.1%
DrowzeeDisable
34.1%
LickitungDisable
34.1%
StaryuRecover
33.2%
JynxLovely Kiss
33.2%
ShellderClamp
30.6%
PinsirSeismic Toss
30.2%
ExeggcuteBarrage
29.9%
LaprasMist
29.6%
KrabbyGuillotine
29.1%
PinsirGuillotine
29.1%
HitmonleeMeditate
28.3%
PorygonSharpen
27.6%

From the Vault

One-Minute Crossword XL

by Qaqaq

Language 60s
60 seconds is plenty of time when you only need to type 16 letters.
Remove Ads.
Support Sporcle.
Get the best of Sporcle when you Go Orange. This ad-free experience offers more features, more stats, and more fun while also helping to support Sporcle. Thank you for becoming a member.

Show Comments

Extras

Top Quizzes Today


Score Distribution

Your Account Isn't Verified!

In order to create a playlist on Sporcle, you need to verify the email address you used during registration. Go to your Sporcle Settings to finish the process.

Report this User

Report this user for behavior that violates our Community Guidelines.

Details: